[Event "C'Chartres Blitz op"]
[Site "Europe Echecs INT"]
[Date "2020.11.28"]
[Round "1"]
[White "Zargarov, Mikayel"]
[Black "Valles Moreno, Ivan"]
[Result "0-1"]
[WhiteElo "1725"]
[BlackElo "2412"]
[PlyCount "68"]
[EventDate "2020.11.28"]
[EventType "swiss (blitz)"]
[EventRounds "11"]
[EventCountry "FRA"]
[SourceTitle "CBM 199 Extra"]
[Source "ChessBase"]
[SourceDate "2021.01.31"]
[SourceVersion "1"]
[SourceVersionDate "2021.01.31"]
[SourceQuality "1"]

1. d4 Nf6 2. Nf3 d6 3. c4 g6 4. Nc3 Bg7 5. e4 0-0 6. h3 Na6 7. Be3 c5 8. d5 e6 9. Bd3 exd5 10. exd5 Nb4 11. Bb1 b5 12. a3 Qa5 13. 0-0 bxc4 14. Bf4 Rd8 15. Qd2 Nd3 16. Bxd3 cxd3 17. Qxd3 Ba6 18. Qd2 Bxf1 19. Rxf1 Rab8 20. a4 Qb4 21. Nb5 Qxd2 22. Bxd2 a6 23. Nc3 Rxb2 24. Re1 Re8 25. Rxe8+ Nxe8 26. Ne4 h6 27. Kh2 f5 28. Nc3 Rxd2 29. Nxd2 Bxc3 30. Nf3 Kf7 31. g4 Kf6 32. Kg3 g5 33. gxf5 Kxf5 34. Nh2 h5 0-1

[Event "Europe Echecs Blitz Nov op"]
[Site "Europe Echecs INT"]
[Date "2020.11.08"]
[Round "5"]
[White "El Mchaouri Mas, Younes"]
[Black "Valles Moreno, Ivan"]
[Result "0-1"]
[WhiteElo "2207"]
[BlackElo "2412"]
[PlyCount "32"]
[EventDate "2020.11.08"]
[EventType "swiss (blitz)"]
[EventRounds "11"]
[EventCountry "FRA"]
[SourceTitle "CBM 199 Extra"]
[Source "ChessBase"]
[SourceDate "2021.01.31"]
[SourceVersion "1"]
[SourceVersionDate "2021.01.31"]
[SourceQuality "1"]

1. Nf3 d6 2. c4 g6 3. Nc3 Bg7 4. d4 Nf6 5. e4 0-0 6. Be2 Nbd7 7. 0-0 e5 8. Re1 Re8 9. Bf1 a6 10. d5 Nh5 11. g3 Bf8 12. Be3 Ng7 13. Rc1 f5 14. exf5 Nxf5 15. Ng5 Nxe3 16. Qd2 Qxg5 0-1

[Event "Europe Echecs Blitz Nov op"]
[Site "Europe Echecs INT"]
[Date "2020.11.08"]
[Round "10"]
[White "Valles Moreno, Ivan"]
[Black "Guliyev, Namig"]
[Result "1-0"]
[WhiteElo "2412"]
[BlackElo "2538"]
[PlyCount "64"]
[EventDate "2020.11.08"]
[EventType "swiss (blitz)"]
[EventRounds "11"]
[EventCountry "FRA"]
[SourceTitle "CBM 199 Extra"]
[Source "ChessBase"]
[SourceDate "2021.01.31"]
[SourceVersion "1"]
[SourceVersionDate "2021.01.31"]
[SourceQuality "1"]

1. Nf3 d5 2. g3 c6 3. Bg2 Bg4 4. 0-0 Nd7 5. d3 Ngf6 6. Nbd2 e5 7. e4 dxe4 8. dxe4 Bc5 9. h3 Bh5 10. Qe1 0-0 11. Nb3 Bb6 12. a4 a5 13. Nfd2 Bc7 14. Nc4 b6 15. Bd2 Ne8 16. Bc3 f6 17. f4 Qe7 18. Ne3 exf4 19. Nf5 Qc5+ 20. Nxc5 Nxc5 21. gxf4 Kh8 22. e5 fxe5 23. fxe5 Rd8 24. Qh4 Bg6 25. Nd6 Nxd6 26. Rxf8+ Rxf8 27. exd6 Bxd6 28. Qd4 Rf6 29. Rf1 Nd7 30. Rxf6 Bc5 31. Rxc6 Bxd4+ 32. Bxd4 h5 1-0

[Event "Europe Echecs Blitz Nov op"]
[Site "Europe Echecs INT"]
[Date "2020.11.08"]
[Round "4"]
[White "Valles Moreno, Ivan"]
[Black "Hamon, Christian"]
[Result "1-0"]
[WhiteElo "2412"]
[BlackElo "2015"]
[PlyCount "63"]
[EventDate "2020.11.08"]
[EventType "swiss (blitz)"]
[EventRounds "11"]
[EventCountry "FRA"]
[SourceTitle "CBM 199 Extra"]
[Source "ChessBase"]
[SourceDate "2021.01.31"]
[SourceVersion "1"]
[SourceVersionDate "2021.01.31"]
[SourceQuality "1"]

1. Nf3 Nf6 2. c4 g6 3. Nc3 Bg7 4. e4 0-0 5. d4 d6 6. Be2 c5 7. 0-0 cxd4 8. Nxd4 Nc6 9. Be3 Bd7 10. Qd2 Re8 11. f3 a6 12. Rfd1 Qa5 13. Nb3 Qd8 14. Nd5 Nxd5 15. cxd5 Ne5 16. Na5 b5 17. Rac1 f5 18. exf5 gxf5 19. Nc6 Bxc6 20. dxc6 Rc8 21. f4 Nf7 22. a4 e6 23. axb5 axb5 24. Bxb5 Rc7 25. Bb6 Qb8 26. Bxc7 Qxb5 27. Ba5 d5 28. Qb4 Qa6 29. Qb6 Qc8 30. c7 d4 31. Qc6 e5 32. Qxe8+ 1-0

[Event "FRA-ch Blitz Online Qual"]
[Site "Europe Echecs INT"]
[Date "2020.05.16"]
[Round "4"]
[White "Gatineau, Yovann"]
[Black "Valles Moreno, Ivan"]
[Result "1/2-1/2"]
[WhiteElo "2423"]
[BlackElo "2417"]
[PlyCount "136"]
[EventDate "2020.05.16"]
[EventType "swiss (blitz)"]
[EventRounds "15"]
[EventCountry "FRA"]
[SourceTitle "CBM 196 Extra"]
[Source "ChessBase"]
[SourceDate "2020.07.31"]
[SourceVersion "1"]
[SourceVersionDate "2020.07.31"]
[SourceQuality "1"]

1. d4 Nf6 2. Bf4 d6 3. Nc3 Nbd7 4. Nf3 c5 5. e3 b6 6. h3 Bb7 7. a4 a6 8. Bc4 g6 9. 0-0 Bg7 10. Qe2 0-0 11. Bh2 Qc7 12. Rfd1 cxd4 13. Nxd4 Ne5 14. Bb3 Rac8 15. Ra3 Nc4 16. Bxc4 Qxc4 17. Qxc4 Rxc4 18. Rb3 Nd7 19. Kf1 Rfc8 20. f3 Ba8 21. Bg1 Rb8 22. e4 Kf8 23. Rd2 Bh6 24. Rd1 Rcc8 25. Nd5 e5 26. Ne2 Rxc2 27. Nec3 Bc6 28. Nb4 Rxc3 29. Rxc3 Bxa4 30. Rxd6 Nc5 31. Nd5 Bb5+ 32. Ke1 Nd3+ 33. Kd1 Nxb2+ 34. Kc2 Nc4 35. Rxc4 Bxc4 36. Bxb6 Bxd5 37. exd5 Ke7 38. Rc6 Rb7 39. Bc5+ Kd7 40. Rd6+ Kc8 41. Rxa6 Rc7 42. Rc6 Rxc6 43. dxc6 Kc7 44. Kd3 Kxc6 45. Bf2 f5 46. g4 Kd5 47. h4 Bf4 48. h5 e4+ 49. fxe4+ fxe4+ 50. Ke2 gxh5 51. gxh5 h6 52. Kf1 Ke5 53. Kg2 Kf5 54. Kf1 Kg4 55. Ke2 Kxh5 56. Bd4 Kg4 57. Bf6 h5 58. Kf1 h4 59. Kg2 h3+ 60. Kh1 e3 61. Bd4 Kf3 62. Bxe3 Bxe3 63. Kh2 Kg4 64. Kh1 Bf4 65. Kg1 Bc7 66. Kh1 Kg3 67. Kg1 Bb6+ 68. Kh1 h2 1/2-1/2

[Event "FRA-ch Blitz Online Qual"]
[Site "Europe Echecs INT"]
[Date "2020.05.16"]
[Round "6"]
[White "Janzelj, Lara"]
[Black "Valles Moreno, Ivan"]
[Result "0-1"]
[WhiteElo "2210"]
[BlackElo "2417"]
[PlyCount "80"]
[EventDate "2020.05.16"]
[EventType "swiss (blitz)"]
[EventRounds "15"]
[EventCountry "FRA"]
[SourceTitle "CBM 196 Extra"]
[Source "ChessBase"]
[SourceDate "2020.07.31"]
[SourceVersion "1"]
[SourceVersionDate "2020.07.31"]
[SourceQuality "1"]

1. d4 Nf6 2. c4 g6 3. Nc3 Bg7 4. e4 d6 5. Be2 0-0 6. Nf3 Nbd7 7. Be3 e5 8. d5 Ng4 9. Bg5 f6 10. Bc1 a5 11. h3 Nh6 12. h4 Nc5 13. h5 g5 14. Qc2 Bd7 15. Be3 a4 16. Qc1 Ng4 17. Bd2 h6 18. Ng1 f5 19. f3 Nf6 20. Bxg5 hxg5 21. h6 Bh8 22. Qxg5+ Kh7 23. Nh3 fxe4 24. fxe4 Rg8 25. Qe3 Ng4 26. Qd2 Qh4+ 27. Kd1 Nf2+ 28. Nxf2 Qxf2 29. Rf1 Qd4 30. Rf7+ Kg6 31. Rf3 Qxd2+ 32. Kxd2 Bf6 33. Rh1 Bg5+ 34. Kc2 Rh8 35. Nb5 Bxb5 36. cxb5 Rxh6 37. Rxh6+ Bxh6 38. Rg3+ Kf6 39. Rf3+ Ke7 40. Rh3 Rh8 0-1